Service learning in communication studies : / (Record no. 7479)
[ view plain ]
| 000 -LEADER | |
|---|---|
| fixed length control field | 01001nam a2200193 4500 |
| 020 ## - INTERNATIONAL STANDARD BOOK NUMBER | |
| ISBN | 0534566316 |
| 050 ## - CALL NUMBER | |
| Classification number | P91.25 |
| Item number | .Is1 |
| 100 ## - AUTHOR | |
| Personal name | Isaacson, Rick |
| 245 ## - TITLE | |
| Title | Service learning in communication studies : / |
| Remainder of title | a handbook |
| Statement of responsibility, etc | Rick Isaacson, Bruce Dorries, Kevin Brown. |
| 260 ## - PUBLICATION INFORMATION | |
| Place of publication | [Stanford, CT] : |
| Name of publisher | Wadsworth/Thomson Learning, |
| Year of publication | 2001. |
| 300 ## - DESCRIPTION | |
| Number of Pages | 128 pages ; |
| Dimensions | 24 cm |
| 505 ## - FORMATTED CONTENTS NOTE | |
| Table of Content | Service-learning in perspective --<br/>Service-learning models --<br/>Achieving a positive service-learning experience --<br/>Service-learning across the communication curriculum --<br/>Designing informative service-learning presentations --<br/>Designing effective persuasive service-learning presentations --<br/>Intercultural communication in service-learning --<br/>Service-learning resources. |
| 650 ## - SUBJECTS | |
| Topical Term | Communication -- / |
| General subdivision | Study and teaching. |
| 650 ## - SUBJECTS | |
| Topical Term | Service learning -- / |
| General subdivision | Handbooks, manuals, etc. |
| 650 ## - SUBJECTS | |
| Topical Term | Experiential learning. |
| 700 ## - OTHER AUTHORS | |
| Personal name | Dorries, Bruce |
| 710 ## - OTHER AUTHORS | |
| OTHER AUTHORS | Brown, Kevin |
| 942 ## - ADDED ENTRY ELEMENTS (KOHA) | |
| Koha item type | Books |
| Withdrawn status | Lost status | Collection code | Home library | Current library | Shelving location | Date acquired | Full call number | Accession Number | Koha item type |
|---|---|---|---|---|---|---|---|---|---|
| Reference | Methodist University Library Main | Methodist University Library Main | General Stacks | 30/01/2014 | P91.25 .Is1 | 39323 | Books |